000 01605nam a2200313 i 4500
001 768714001
003 CO-MdFUSB
005 20210512114544.0
007 ta
008 210512t2020 -us |||| |||| 00| 0 eng d
020 _a9780830852734
040 _aCO-MdFUSB
_bspa
_cCO-MdFUSB
_dCO-MdFUSBC
_erda
041 _aeng
082 _223
_a221.6
_bG239
100 _aGarrett, Duane A. ‎
_eautor
245 1 4 _aThe problem of the Old Testament :
_bhermeneutical, schematic, & theological approaches
_c/ Duane A Garrett
264 1 _aDowners Grove, Illinois
_bInterVarsity Press,
_c[2020]
264 4 _c© 2020
300 _a395 páginas
_c; 23 cm
336 _2rdacontent
_atexto
_btxt
337 _2rdamedia
_aotro
_bn
338 _2rdacarrier
_avolumen
_bnc
505 _aPrimera parte: Enfrentando el problema - Definiendo el problema - El Antiguo Testamento en la Iglesia primitiva - Segunda parte: Soluciones inadecuadas - Las soluciones hermenéuticas: Alejandría - Las soluciones hermenéuticas: Antioquía - Las soluciones esquemáticas - Lo conceptual Soluciones - Tercera parte: Un nuevo enfoque - Fundamentos de una teología del Antiguo Testamento - La elección y los pactos - La ley - Problemas en la narrativa - Cuarta parte: Estudios de caso en la profecía - El método profético: Oseas - El método profético: Joel - Resumen y perspectiva - Apéndice: Material adicional de El problema del Antiguo Testamento: Profecía preexílica: Isaías 7:14.
563 _aRústico
630 0 7 _aBiblia.
_pAntiguo Testamento
942 _cBK
945 _aJTF-925
999 _c66736
_d66736